| 000 | 00642nam a22001937a 4500 | ||
|---|---|---|---|
| 005 | 20170322103649.0 | ||
| 010 | _aENG-117512 | ||
| 020 |
_a9789383079018 _c250.00 |
||
| 035 | _aEN-101044 | ||
| 037 | _bDBAD/PUB | ||
| 082 | _a954.5 | ||
| 100 | _aHari Shankar,B.S. | ||
| 245 |
_aImprints of the past : _cby B.S.Hari shankar _ban archaeological outline of northeast India / |
||
| 260 |
_aAssam _bVivekananda Kendra Institute of Culture _c2015 |
||
| 270 |
_aM.G. Road, Riverside Uzanbazar, Guwahati _bAssam _e781001 |
||
| 300 |
_axxi,289p.: _b21cm(Hb) _c(maps) |
||
| 500 | _aincludes Index | ||
| 942 |
_2ddc _cEN _h954.5 _mHAR |
||
| 999 |
_c138317 _d138317 |
||